Normal view
MARC view
- Shupe, Hollie W.
Entry Personal Name
001 - CONTROL NUMBER
- control field: 2981
003 - CONTROL NUMBER IDENTIFIER
- control field: NUST
005 - DATE AND TIME OF LATEST TRANSACTION
- control field: 20170621102000.0
008 - FIXED-LENGTH DATA ELEMENTS
- fixed length control field: 170621|| aca||aabn | a|a d
040 ## - CATALOGING SOURCE
- Original cataloging agency: NUST
- Transcribing agency: NUST
100 ## - HEADING--PERSONAL NAME
- Personal name: Shupe, Hollie W.
670 ## - SOURCE DATA FOUND
- Source citation: Work cat.: (NUST)0: Shupe, Hollie W., A manual of engineering geometry and graphics for students and draftsmen /, 1956.
